Long Words - Statistics

General Stats
  • This quiz has been taken 1,839 times
    622 since last reset
  • The average score is 7 of 23
Answer Stats
Letters Answer % Correct
34 Supercalifragilisticexpialidocious
86%
28 Antidisestablishmentarianism
72%
26 Pseudopseudohypoparathyroidism
49%
29 Hexakosioihexekontahexaphobia
38%
31 Dichlorodiphenyltrichloroethane
37%
27 Electroencephalographically
34%
30 Sphenopalatineganglioneuralgia
34%
24 Disestablishmentarianism
28%
28 Ethylenediaminetetraacetates
28%
34 Floccinaucinihilipilificatiophobia
25%
18 Weatherproofnesses
25%
22 Unself-Consciousnesses
24%
26 Radioimmunoelectrophoresis
24%
16 Worthwhilenesses
24%
22 Deinstitutionalization
22%
24 Overintellectualizations
21%
17 Zoogeographically
21%
16 Hyperventilation
20%
20 Xenotransplantations
18%
19 Untranslatabilities
17%
25 Phosphatidylethanolamines
15%
21 Unexceptionablenesses
15%
23 Reinstituionalizations
14%
No matching quizzes found
Score Distribution
Percent of People with Each Score
Percentile by Number Answered
Your Score History
You have not taken this quiz since the last reset